| 000 | 00772nam a2200241 a 4500 | ||
|---|---|---|---|
| 001 | 44215 | ||
| 003 | BD-RjUL | ||
| 005 | 20211209053822.0 | ||
| 008 | 160714s1955 ii ||||| |||| 00| f ben d | ||
| 020 | _c: IRs. 2.50 | ||
| 035 | _a(BD-RjUL)44333 | ||
| 040 |
_aBD-RjUL _bben _cBD-RjUL |
||
| 041 | _aben | ||
| 082 |
_223 _a891.443 _bBAS 1955 |
||
| 100 |
_aবনফুল _9135764 |
||
| 245 | 1 | 0 |
_aসে ও আমি / _cবনফুল |
| 250 | _a২য় সং. | ||
| 260 |
_aকলিকাতা : _bবেঙ্গল পাবলিশার্স, _c১৯৫৫ (১৩৬২) |
||
| 300 |
_a[৪], ১৭৩ পৃ. ; _c১৯ সেমি. |
||
| 650 |
_aবাংলা উপন্যাস _9135765 |
||
| 650 |
_aBengali Fiction _9135766 |
||
| 942 |
_2ddc _cBK |
||
| 999 |
_c44215 _d44215 |
||